000 00522pam a2200181 a 4500
020 _a0891187979
040 _cDLC
082 0 0 _a631 SOI 1991 A091 Or.
245 0 0 _aMicronutrients in agriculture /
250 _a2nd ed.
260 _aMadison, Wis., USA :
_bSoil Science Society of America,
_c1991.
300 _axix, 760 p. :
_bill. ;
_c24 cm.
650 0 _aTrace elements in agriculture.
650 0 _aTrace elements in nutrition.
650 0 _aMicronutrient fertilizers.
700 1 _aMortvedt, J. J.
942 _cEK
999 _c15808
_d15808